Přemysslowánj s Wýkladem a Navčenjm O Utrpenj Gežjsse Krysta podlé srownaného Wypsánj štyř Ewangelistů na pět částek rozdělená, w nichž se wyswětluge: I. Wnitřnj Vtrpenj w Zahradě Oliwetské. II. Zewnitřnj Vtrpenj w Zahradě Oliwetské. III. Vtrpenj před Duchownjm saudem Židowským. IV. Vtrpenj před swětským saudem Pilátowým a Herodesowým. V. Vtrpenj na Hoře Golg'ota. Těm Kteřjž w vkřižowaném Gežjssi, Božskau Moc a Božskau Maudrost hledagj, k spasytedlnému wzdělánj a mysli probuzenj

Bibliographic Details
Main Author: Rambach, Johann Jakob, 1693-1735 (Author)
Corporate Author: S. n. (Printer)
Other Authors: Milec, Eliáš, 1691-1757 (Translator)
Format: Book
Language:Slovak
PhysicalDescription:[14], 114, 82, [2], 205, [3], 257, [3], 210, [2] s. 17x10 cm
Published: W Zitawě [s. n.] Léta Páně 1744
Subjects:

MARC

LEADER 00000cam a2200000 a 4500
001 vtls001181189
003 SK-MaSNL
005 20260301154301.0
008 180129s1744 gw 0 slo
015 |a SNBHFA 
035 |a SNK000124195 
040 |a SNK  |b slo  |c SNK  |e AACR2 
041 0 |a slo 
044 |a gw  |c DE 
072 7 |a 2  |x Náboženstvo  |2 konspekt 
072 7 |a 27  |x Kresťanstvo. Kresťanská cirkev všeobecne. Ekleziológia  |2 konspekt 
080 |a 2-284  |2 2011 
080 |a 27-312  |2 2011 
100 1 |a Rambach, Johann Jakob,  |d 1693-1735  |4 aut  |9 151643 
245 1 0 |a Přemysslowánj s Wýkladem a Navčenjm O Utrpenj Gežjsse Krysta  |b podlé srownaného Wypsánj štyř Ewangelistů na pět částek rozdělená, w nichž se wyswětluge: I. Wnitřnj Vtrpenj w Zahradě Oliwetské. II. Zewnitřnj Vtrpenj w Zahradě Oliwetské. III. Vtrpenj před Duchownjm saudem Židowským. IV. Vtrpenj před swětským saudem Pilátowým a Herodesowým. V. Vtrpenj na Hoře Golg'ota. Těm Kteřjž w vkřižowaném Gežjssi, Božskau Moc a Božskau Maudrost hledagj, k spasytedlnému wzdělánj a mysli probuzenj 
260 |a W Zitawě  |b [s. n.]  |c Léta Páně 1744 
300 |a [14], 114, 82, [2], 205, [3], 257, [3], 210, [2] s.  |c 17x10 cm 
562 |a Rkp.: Samuel Jurkovits Leta Pane 1845 Dne 2ho Marca 
650 0 7 |a život Krista  |2 SNKPH  |9 49879 
650 0 7 |a dogmatická teológia  |2 SNKPH  |9 1805 
700 1 |a Milec, Eliáš,  |d 1691-1757  |4 trl  |9 101592 
710 0 |a S. n.  |c Zittau  |4 prt  |9 516991 
752 |a Nemecko  |d Žittawa 
852 |a LMT  |b XIX.G.261 
852 |a snk  |p SD 764 
958 |a ONDV 
958 |a DD 
999 |c 796255  |d 798185 
952 |a SNK  |b SNK  |y VYP  |7 0  |p 17X01181189002  |o snkSD 764 D1  |i snkKSF 3900/57  |8 5  |3 rekatalogizácia  |0 0  |1 0  |4 0  |d 2003-11-15  |l 0  |r 2005-01-01 00:00:00  |w 2026-02-24 
952 |t P60, <04>, [BOOK], {604}  |a SNK  |b SNK  |y VYP  |7 0  |o snkSD 764 D2  |i snkK 428/94  |0 0  |1 0  |4 0  |d 2003-11-15  |l 0  |r 2005-01-01 00:00:00  |w 2026-02-24